000 00432nam a2200157Ia 4500
008 221030s9999 xx 000 0 und d
020 _a0070589151
041 _aEnglish
082 _a105.23
_bMer
100 _aD. Mercer
245 0 _aSchaum`s HTML - An Introduction to Web Page Design & Development ( DEPARTMENTAL )
_cby D. Mercer
260 _bTMH
_aNew Delhi
_c2004
300 _a232
650 _aCSE Departmental
942 _cBK
999 _c2865
_d2865